Central Library and Information Centre
Sibsagar Girls' College, Sivasagar : Assam

SOLUTIONS TO RESNICK AND HALLIDAY PHYSICS PART I (Record no. 9306)

MARC details
000 -LEADER
fixed length control field 00408cam a2200169ua 4500
008 - FIXED-LENGTH DATA ELEMENTS--GENERAL INFORMATION
fixed length control field 120119n1996 II |||gr||||Z||||||eng
040 ## - CATALOGING SOURCE
Original cataloging agency MAIN
041 ## - LANGUAGE CODE
-- English
082 ## - DEWEY DECIMAL CLASSIFICATION NUMBER
Classification number 530 KAM
100 ## - MAIN ENTRY--PERSONAL NAME
Personal name KAMAL, A. A.
245 ## - TITLE STATEMENT
Title SOLUTIONS TO RESNICK AND HALLIDAY PHYSICS PART I
260 ## - PUBLICATION, DISTRIBUTION, ETC.
Place of publication, distribution, etc. NEW DELHI
Name of publisher, distributor, etc. NEW AGE INTERNATIONAL LTD.
Date of publication, distribution, etc. 1996
300 ## - PHYSICAL DESCRIPTION
Extent 423.
942 ## - ADDED ENTRY ELEMENTS (KOHA)
Koha item type Books
653 ## - INDEX TERM--UNCONTROLLED
Uncontrolled term Physics
Holdings
Withdrawn status Lost status Damaged status Not for loan Collection code Home library Current library Shelving location Date acquired Full call number Barcode Date last seen Copy number Price effective from Koha item type Public note
        REFMAT Central Library and Information Centre Sibsagar Girls College Central Library and Information Centre Sibsagar Girls College MATHEMATICS BOOK RACK 21.07.2000 530 KAM 16174 27.02.2020 1 27.02.2020 Books V


Sibsagar Girl's College © 2020. All rights reserved.
Powered by Koha.
Maintained by Abhijit Borpuzari.